Constitutional And Administrative Law (Record no. 684613)

MARC details
000 -LEADER
fixed length control field 00377nam a2200145Ia 4500
008 - FIXED-LENGTH DATA ELEMENTS--GENERAL INFORMATION
fixed length control field 230627s9999 xx 000 0 und d
020 ## - INTERNATIONAL STANDARD BOOK NUMBER
International Standard Book Number 0-421-35040-7
041 ## - LANGUAGE CODE
Language code of text/sound track or separate title mar
082 ## - DEWEY DECIMAL CLASSIFICATION NUMBER
Classification number 342.06
Item number PHI
100 ## - MAIN ENTRY--PERSONAL NAME
Personal name Phillips O. H
245 ## - TITLE STATEMENT
Title Constitutional And Administrative Law
250 ## - EDITION STATEMENT
Edition statement 7ed.
260 ## - PUBLICATION, DISTRIBUTION, ETC.
Place of publication, distribution, etc. London
Name of publisher, distributor, etc. Sweet & Maxwell Limited
Date of publication, distribution, etc. 1987
700 ## - ADDED ENTRY--PERSONAL NAME
Personal name Jackson P.,
Holdings
Withdrawn status Lost status Damaged status Not for loan Collection Home library Current library Date acquired Cost, normal purchase price Total Checkouts Full call number Barcode Date last seen Price effective from Koha item type
Withdrawn       NLP LL.B New Law College, Pune New Law College, Pune 31/03/1999 1350.00   342.06 PHI NLP-N04708 17/07/2023 17/07/2023 Book